| 000 | 003930000a22001690004500 | ||
|---|---|---|---|
| 003 | LK-CoMWRAF | ||
| 008 | 230817t ||||| |||| 00| 0 eng d | ||
| 040 |
_aLK-CoMWRAF _dLK-CoMWRAF _eLK-CoMWRAF |
||
| 041 | _aeng | ||
| 082 |
_a022 _bTHA |
||
| 100 | _aThanikasalam, K | ||
| 245 |
_aKathai mudiyuma _b |
||
| 260 |
_aMadras _bSAB _c1995 |
||
| 300 | _ap.138 | ||
| 650 | _aliterature | ||
| 942 | _cBK | ||
| 999 |
_c2819 _d2819 |
||